World War Planes - Statistics

General Stats
  • This quiz has been taken 36 times
  • The average score is 6 of 10
Answer Stats
Question Answer % Correct
Which country designed the Zero Japan
88%
The P-51 is also known as the: Mustang
88%
What country designed the Spitfire? United Kingdom
88%
The P-38 was given this nickname The Fork-Tailed Devil
72%
What plane dropped the atomic bomb on Hiroshima? The Superfortress
72%
The FW-190 was given the nickname of: The Butcher Bird
50%
What was the name of the Red Baron's squadron The Flying Circus
44%
The Ju-87's siren was called what? The Jericho Trumpet
41%
What did the Japanese commonly refer to the F4U-Corsair as? Whistling Death
31%
American Pilots gave the Corsair a nickname too. What was it? The Hose Nose
28%
No matching quizzes found
Score Distribution
Percent of People with Each Score
Percentile by Number Answered
Your Score History
You have not taken this quiz